Servant of God Armand Mashavath Capuchin Charismatic Fragrance (Record no. 212149)

MARC details
000 -LEADER
fixed length control field 00594nam a22001937a 4500
005 - DATE AND TIME OF LATEST TRANSACTION
control field 20250707113636.0
010 ## - LCCN (DPL NO)
LC control number ENG-145727
020 ## - INTERNATIONAL STANDARD BOOK NUMBER
International Standard Book Number 9788197328299
Terms of availability 180.00
035 ## - SYSTEM CONTROL NUMBER
System control number EN-129259
037 ## - SOURCE OF ACQUISITION
Source of stock number/acquisition DBAD/
082 ## - DEWEY DECIMAL CLASSIFICATION NUMBER
Classification number 921
100 ## - MAIN ENTRY--PERSONAL NAME
Personal name Elampachamveetil Biju
245 ## - TITLE STATEMENT
Title Servant of God Armand Mashavath Capuchin Charismatic Fragrance
Statement of responsibility, etc Ephrem Kunnappally
260 ## - PUBLICATION, DISTRIBUTION, ETC. (IMPRINT)
Name of publisher, distributor, etc Pavanatma Publishers Pvt. Ltd.
Place of publication, distribution, etc Kozhikode
270 ## - ADDRESS
Address Parayanchery, Kuthiravattam, Kozhikode-673016
300 ## - PHYSICAL DESCRIPTION
Extent 135p.
Dimensions 21.2cm(pb)
700 ## - ADDED ENTRY--PERSONAL NAME
9 (RLIN) 82641
942 ## - ADDED ENTRY ELEMENTS (KOHA)
Source of classification or shelving scheme Dewey Decimal Classification
Item type English Books
Classification part 921
Call number suffix Ela
Holdings
Withdrawn status Lost status Not for loan Collection code Home library Current library Date acquired Source of acquisition Cost, normal purchase price Full call number Barcode Copy number Cost, replacement price Koha item type
      Non-fiction Mobile Library Mobile Library 07/07/2025 DBAD 180.00 921 Ela EN-129259 1 180.00 English Books

© Delhi Public Library
Hit Counter
free hit counter